| 000 | 00723cab a2200217 4500 | ||
|---|---|---|---|
| 001 | WB2644-45 | ||
| 008 | 090401t1990 xxu||||| |||| 00| 0 eng d | ||
| 035 | _a(Sirsi) u15328 | ||
| 041 | _aeng | ||
| 245 | _aProposals for new water charges | ||
| 260 | _c1990 | ||
| 350 | _a0 | ||
| 490 |
_aOFWAT News Release _vno 46/90 30 October 1990 2 pages |
||
| 520 | _aUsing Water Act 1989 s79 , the Director-General of Water Services is proposing changes to connection charges to premises, aiming to make a greater correlation between the charge and the estimated use of the customer. | ||
| 650 | _aCHARGES | ||
| 650 | _aSEWERAGE SYSTEMS | ||
| 650 | _aWATER SUPPLY | ||
| 690 | _aWATER | ||
| 942 | _n0 | ||
| 948 | _c04/03/1997 | ||
| 999 |
_c10038 _d10038 |
||